• 首页
  • 本馆介绍
  • 公告通知
  • 最新文献
  • 馆藏检索
  • 电子资源
  • 读者导购
  • 参考咨询
  • 我的图书馆
  • 登录
  • 详细信息显示
  • 放入我的书架
  • 预约/预借图书
  • 作者相关作品
  • 分类相关作品
  • 丛书相关作品
  • 出版社相关作品

书目信息

  • 表格格式
  • 工作单格式
  • 卡片格式
题名:
政治的终结
    
 
作者: 卡尔·博格斯 著 ;陈家刚 译
分册:  
出版信息: 北京   社会科学文献出版社  2001
页数: 407页
开本: 32开
丛书名:
单 册:
中图分类: D771.209
科图分类:
主题词: 政治
电子资源:
ISBN: 7-80149-616-7
000 00612nam0 2200205 45
001 0205150941
005 20031219104055.8
010    @a7-80149-616-7@dCNY25.00
100    @a20020515d2001 km y0chiy0120 ea
101 0  @achi@ceng
105    @a z 000yy
200 1  @a政治的终结@AZheng Zhi De Zhong Jie@f(美)卡尔·博格斯著@F(Mei)Ka Er·Bo Ge Si Zhu@g陈家刚译
210    @a北京@c社会科学文献出版社@d2001
215    @a407页@d32开
606 0  @a政治
690    @aD771.209@v4
701    @a卡尔·博格斯@4著
702  0 @a陈家刚@AChen Jia Gang@4译
801    @aCN@bTSTC@c20020515
905    @b310091-095@dD771.209@e203@f5
    
    政治的终结/(美)卡尔·博格斯著/陈家刚译.-北京:社会科学文献出版社,2001
    407页;32开
    
    
    ISBN 7-80149-616-7:CNY25.00
    
●
相关链接 在E读中查询图书 在五车中查询图书 在当当中查询图书 在豆瓣中查询图书


正题名:政治的终结     索取号:D771.209/203         预约/预借

序号 登录号 条形码 馆藏地/架位号 状态 备注
1 0310091   203100919   密集书库/ [索取号:D771.209/203] 在馆    
2 0310092   203100928   第一借阅区/ [索取号:D771.209/203] 在馆    
3 0310093   203100937   第一借阅区/ [索取号:D771.209/203] 在馆    
4 0310094   203100946   密集书库/ [索取号:D771.209/203] 在馆    
5 0310095   203100955   第一借阅区/ [索取号:D771.209/203] 在馆    
唐山师范学院图书馆 欢迎您!
大连网信软件有限公司© 版权所有